00357nam a2200109Ia 4500008004100000041000800041100001400049245004200063260002500105999001900130952009800149231212s2004 xx 000 0 und d aeng aBadri Ram aAdvanced Microprocessor & Interfacing aBombaybB.P.B.c2004 c969463d969463 00104070aITMbITMd2023-12-15g570.00l0pITM-P-12274r2023-12-15 00:00:00w2023-12-15yBK